Реализация решателя ODE23S в программном средстве SimSAR, моделирующем процессы ядерного топливного цикла; Физико-технические проблемы в науке, промышленности и медицине

Xehetasun bibliografikoak
Parent link:Физико-технические проблемы в науке, промышленности и медицине.— 2016.— [С. 245-246]
Egile nagusia: Ларина К. В.
Erakunde egilea: Национальный исследовательский Томский политехнический университет
Beste egile batzuk: Чурсин Ю. А. Юрий Александрович (научный руководитель)
Gaia:Заглавие с экрана
Hizkuntza:errusiera
Argitaratua: 2016
Saila:Информационные технологии, автоматизация и системы управления
Gaiak:
Sarrera elektronikoa:http://earchive.tpu.ru/handle/11683/31156
Formatua: Baliabide elektronikoa Liburu kapitulua
KOHA link:https://koha.lib.tpu.ru/cgi-bin/koha/opac-detail.pl?biblionumber=619326

MARC

LEADER 00000naa2a2200000 4500
001 619326
005 20260307163050.0
035 |a (RuTPU)RU\TPU\conf\17743 
035 |a RU\TPU\conf\17741 
090 |a 619326 
100 |a 20160817d2016 k y0rusy50 ca 
101 0 |a rus 
102 |a RU 
105 |a y z 101zy 
135 |a drgn ---uucaa 
181 0 |a i  
182 0 |a b 
200 1 |a Реализация решателя ODE23S в программном средстве SimSAR, моделирующем процессы ядерного топливного цикла  |f К. В. Ларина, Ю. А. Чурсин  |g науч. рук. Ю. А. Чурсин 
203 |a Текст  |c электронный 
225 1 |a Информационные технологии, автоматизация и системы управления 
300 |a Заглавие с экрана 
320 |a [Библиогр.: с. 246 (1 назв.)] 
463 0 |0 (RuTPU)RU\TPU\conf\17455  |t Физико-технические проблемы в науке, промышленности и медицине  |o сборник тезисов докладов VIII Международной научно-практической конференции, г. Томск, 1-3 июня 2016 г.  |f Национальный исследовательский Томский политехнический университет (ТПУ) ; под ред. О. Ю. Долматова [и др.]  |v [С. 245-246]  |d 2016 
610 1 |a труды учёных ТПУ 
610 1 |a электронный ресурс 
610 1 |a ядерные топливные циклы 
610 1 |a математическое моделирование 
610 1 |a программные средства 
610 1 |a ядерные топливные циклы 
610 1 |a компьютерное моделирование 
700 1 |a Ларина  |b К. В. 
701 1 |a Чурсин  |b Ю. А.  |c специалист в области физических установок  |c доцент Томского политехнического университета  |f 1984-  |g Юрий Александрович  |3 (RuTPU)RU\TPU\pers\25742 
702 1 |a Чурсин  |b Ю. А.  |c специалист в области физических установок  |c доцент Томского политехнического университета  |f 1984-  |g Юрий Александрович  |4 727 
712 0 2 |a Национальный исследовательский Томский политехнический университет  |c (2009- )  |9 26305 
801 2 |a RU  |b 63413507  |c 20160826  |g RCR 
856 4 |u http://earchive.tpu.ru/handle/11683/31156 
942 |c BK